| Tag |
First Indicator |
Second Indicator |
Subfields |
| LEADER |
00000cam a2200000Ii 4500 |
| 001 |
in00003535721 |
| 005 |
20151105181209.0 |
| 008 |
141104s2015 xna b 000 0 eng |
| 020 |
|
|
|a 9780732295967
|
| 020 |
|
|
|a 0732295963
|
| 035 |
|
|
|a (OCoLC)ocn895152426
|
| 035 |
|
|
|a (OCoLC)895152426
|
| 040 |
|
|
|a AU@
|b eng
|e rda
|c AU@
|d OCLCO
|d OCLCF
|d D8D
|d TXA
|d UtOrBLW
|
| 042 |
|
|
|a anuc
|
| 049 |
|
|
|a TXAM
|
| 050 |
|
4 |
|a HQ769
|b .R55 2015
|
| 082 |
0 |
4 |
|a 649.1
|2 23
|
| 100 |
1 |
|
|a Riley, Chris,
|d 1954-
|e author.
|
| 245 |
1 |
0 |
|a Growing great kids /
|c Father Chris Riley with Sue Williams.
|
| 264 |
|
1 |
|a Sydney, NSW :
|b HarperCollins Publishers,
|c 2015.
|
| 300 |
|
|
|a 302 pages ;
|c 21 cm
|
| 336 |
|
|
|a text
|b txt
|2 rdacontent
|
| 337 |
|
|
|a unmediated
|b n
|2 rdamedia
|
| 338 |
|
|
|a volume
|b nc
|2 rdacarrier
|
| 504 |
|
|
|a Includes bibliographical references.
|
| 520 |
|
|
|a Compulsory reading for parents, teachers, youth workers and anyone who has anything to do with young people. Catholic priests don't generally have children but Australian legend Father Chris Riley from Youth Off the Streets has brought up nearly 100,000 - and they're some of the toughest kids around. He regularly encounters kids who steal, take drugs, self-harm, see themselves as irredeemable failures, hate everyone and everything. But he's nearly always managed to find a way through to them, and to help them. While the vast majority of Australian kids don't have the magnitude of problems he sees in his work every day, the lessons he's learnt from them are invaluable to all parents. How can most parents relate to the kind of problems and pressures their children face today? How can they cope when things come off the rails? How can they really talk to their children in a meaningful way when it seems that their kids just don't want to listen? 'Growing great kids' is the one book all parents - and their kids - should read. A priceless guide through the maze of childhood and adolescence for both parents and their children, with so many real life stories to tug on the heart-strings, it's a gripping read no one will be able to put down.
|c Publisher.
|
| 650 |
|
0 |
|a Child rearing.
|
| 650 |
|
0 |
|a Child psychology.
|
| 650 |
|
0 |
|a Parenting.
|
| 650 |
|
0 |
|a Parent and child.
|
| 650 |
|
7 |
|a Child psychology.
|2 fast
|0 (OCoLC)fst00854540
|
| 650 |
|
7 |
|a Child rearing.
|2 fast
|0 (OCoLC)fst00854588
|
| 650 |
|
7 |
|a Parent and child.
|2 fast
|0 (OCoLC)fst01053308
|
| 650 |
|
7 |
|a Parenting.
|2 fast
|0 (OCoLC)fst01053407
|
| 700 |
1 |
|
|a Williams, Sue,
|d 1959 April 2-
|e author.
|
| 994 |
|
|
|a C0
|b TXA
|
| 948 |
|
|
|a cataloged
|b h
|c 2015/6/9
|d c
|e nbehmer
|f 1:07:53 pm
|
| 999 |
|
|
|a MARS
|
| 999 |
f |
f |
|s 38c1857c-f66d-3ae4-bfa4-b558ba9fa813
|i 5c744564-2b21-3f0b-8795-9acb19caac48
|t 0
|
| 952 |
f |
f |
|p normal
|a Texas A&M University
|b College Station
|c Sterling C. Evans Library
|d Evans: Library Stacks
|t 0
|e HQ769 .R55 2015
|h Library of Congress classification
|i unmediated -- volume
|m A14843126807
|
| 998 |
f |
f |
|a HQ769 .R55 2015
|t 0
|l Evans: Library Stacks
|